| 000 | 005020000a22001930004500 | ||
|---|---|---|---|
| 001 | 004815 | ||
| 003 | MACL | ||
| 005 | 20150705121221.0 | ||
| 008 | 150705b xxu||||| |||| 00| 0 eng d | ||
| 040 |
_aMACL _cMACL |
||
| 041 | _aEnglish | ||
| 082 | _a303.69/SEN | ||
| 100 |
_aSen, shankar _9733 |
||
| 245 |
_aLaw Inforcement and Cross Border Terrorism _cshankar Sen |
||
| 260 |
_aNew Delhi _c2005 _bConcept Publishing Company, |
||
| 350 | _a175 | ||
| 650 |
_aSocial Science _929 |
||
| 942 |
_k303 _cBK _2ddc |
||
| 999 |
_c16700 _d16700 |
||